000 00809nam a2200265 i 4500
001 186484
003 SpMaBN
005 20250809051001.0
008 161117s1993 sp bj |||| |bspa d
020 _a84-460-0176-4
080 _a821.14-96"-03"
100 0 _aPlatón.
_992598
245 1 0 _aCartas /
_cPlatón ; edición de José B. Torres Guerra.
260 _aTorrejón de Ardoz (Madrid) :
_bAkal,
_c[1993]
300 _a198 p. :
_bmapas ;
_c17 cm.
490 1 _aAkal/clásica ;
_v36
500 _aCronología.
500 _aGenealogía.
500 _aÍndice onomástico.
504 _aBibliografía: p. 34-35.
700 1 _aTorres-Guerra, José B.
_9161281
830 0 0 _aAkal/Clásica
_v36
_9184082
852 _aES-MaACL
_jL-30831
_z. - Donat. Miguel A. Velasco
999 _c186484
_d186484